000 00497nam a22001817a 4500
003 OSt
005 20181127113434.0
008 181127b xxu||||| |||| 00| 0 fre d
040 _aLB-BrCRDP
082 _a581.0724 D531g
100 _aGuy Deysson
245 _aGuide de travaux pratiques de botanique : à l'usage des étudiants en pharmacie de première année
260 _aParis
_bSedes
_c1976
300 _a96p
_c24cm
630 _a Botanique.
700 _aAlice Rollen
942 _2ddc
_cBK
999 _c22111
_d22111